00300nam a22001337a 4500003000400000005001700004008004100021040000700062082001400069100002200083245002800105260002500133300000800158OSt20211013084739.0211013b |||||||| |||| 00| 0 eng d chu a303.4/dru adrucker, peter f, athe age ofdiscontinuity anew yorkbhallc1669 a402